000 00528nam a2200145 a 4500
001 000029835
005 20200930055837.0
008 110426s19uu dr 000 0 spa d
040 _aDO-SdBNP
_bspa
_cBNPHU
111 2 _aExposición colectiva de pintores y escultores dominicanos
_c(Santo Domingo)
_956589
245 1 0 _aExposición colectiva de pintores y escultores dominicanos.
260 _aSanto Domingo :
_bColegio Dominicano de Artista Plasticos
_bBanco de Reservas,
_c[197?].
300 _a[63] p. ;
_c22 cm.
049 _aBNPD
999 _c29327
_d29327